000 00318nam a22001457a 4500
008 230502b ||||| |||| 00| 0 eng d
020 _a9780313327698
041 _aeng
080 _2VOLUME TWO
_a030
082 _a030LUO
100 _a40
101 _aENCIKLO
245 _aCHINA TODAY
_cLUO.JING
942 _2udc
_cBK
999 _c59648
_d59648